01145nam a2200301 a 4500999001700000001000800017003000900025005001700034008004100051020001500092040003800107082002000145100003900165245010200204264006200306264001000368300005900378336002600437337002800463338002700491504005100518650003700569653002600606655002400632906004500656942001200701952013000713 c28751d287224191326EG-ScBUE20200920103048.0830601t1983 ohua f b 001 0 eng d a053819300X aDLCbengerdacDLCdDLCdEG-ScBUE04a658.87bLOW2221 aLowry, James Rolf,eauthor.94058410aRetail management /cJames R. Lowry, Ph.D., head, Department of Marketing, Ball State University. 1aCincinnati, Ohio :bSouth Western Publishing Co.,c[1983] 4cc1983 aviii, 680 pages :billustrations (some color) ;c24 cm 2rdacontentatextbtxt 2rdamediaaunmediatedbn 2rdacarrieravolumebnc aIncludes bibliographical references and index. 7aRetail tradexManagement.2BUEsh bBUSADMcSeptember2020 vReading book934232 a7bcbccorignewd2eocipf19gy-gencatlg 2ddccBB 00102ddc40708BaccahaMAINbMAINc1STd2020-09-20ePurchasel0o658.87 LOWp000049705r2025-07-15 00:00:00w2020-09-20yBB